| 000 | 00440cam a2200181ua 4500 | ||
|---|---|---|---|
| 020 | _c595.00 | ||
| 041 |
_aeng _h |
||
| 082 |
_a631.42 _bMIS/SO |
||
| 100 | _aMisra, S.G . | ||
| 245 |
_aSoil pollution / _cS.G misra. _hTextual Documents |
||
| 260 |
_aNew Delhi : _bAPH publishing corporation , _c2009. |
||
| 300 | _a ; . | ||
| 365 | _a595.00 | ||
| 504 | _a | ||
| 700 | 1 | _aDinesh, Mani . | |
| 942 | _cBK | ||
| 999 |
_c13476 _d13476 |
||